000 00618nam a22002297a 4500
003 UA-OsUOA
001 123374
007 ta
008 20170613b un ||||| |||| 00| 0 ukr d
100 _aКорбут А.
700 _aВорожбит О.
090 _a32
_bК66
942 _cSA
040 _aUA-OsUOA
_bukr
_cUA-OsUOA
_dUA-OsUOA
245 _aВибори в Європі. Електоральна гімнастика
300 _aС.17-22
955 _a0
041 _aukr
080 _a32
773 0 _w123373
_tУкраїнський тиждень
_dК.
_d2017
_g21
650 7 _a32 Політика
_2UDC
999 _c410390
_d410390